| 000 | 00516nam a2200157 i 4500 | ||
|---|---|---|---|
| 001 | 72971 | ||
| 003 | ES-MaACL | ||
| 005 | 20230906171625.0 | ||
| 007 | t| | ||
| 008 | 040906s1971 sp ||||1| spa d | ||
| 100 | 1 |
_aGómez Aranda, Vicente. _957819 |
|
| 245 | 1 | 0 |
_aUniversidad, enseñanza, investigación _b: lección inaugural del curso académico, 1971-1972 / _cVicente Gómez Aranda. |
| 260 |
_aZaragoza : _bUniversidad de Zaragoza, _c[1971] |
||
| 300 |
_a64 p. ; _c24 cm. |
||
| 852 |
_aES-MaACL _jC-44122 _bR.79296 |
||
| 999 |
_c72971 _d72971 |
||